Задачи и упражнения по уравнениям математической физики: учебное пособие

Библиографические подробности
Главный автор: Соболева Е. С. Евгения Сергеевна
Другие авторы: Фатеева Г. М. Галина Михайловна
Примечания:Рекомендовано УМО по классическому университетскому образованию в качестве учебного пособия по уравнениям математической физики для студентов высших учебных заведений, обучающихся по естественно-научным специальностям.
Язык:русский
Опубликовано: Москва, Физматлит, 2012
Предметы:
Формат: Книга
Запись в KOHA:https://koha.lib.tpu.ru/cgi-bin/koha/opac-detail.pl?biblionumber=212183

MARC

LEADER 00000nam0a2200000 4500
001 212183
005 20231101225734.0
010 |a 9785922110532 
035 |a (RuTPU)RU\TPU\book\231815 
090 |a 212183 
100 |a 20120323d2012 m y0rusy50 ca 
101 0 |a rus 
102 |a RU 
105 |a y j 001zy 
200 1 |a Задачи и упражнения по уравнениям математической физики  |e учебное пособие  |f Е. С. Соболева, Г. М. Фатеева 
210 |a Москва  |c Физматлит  |d 2012 
215 |a 94 с.  |c ил. 
320 |a Библиогр.: с. 92. 
330 |a Рекомендовано УМО по классическому университетскому образованию в качестве учебного пособия по уравнениям математической физики для студентов высших учебных заведений, обучающихся по естественно-научным специальностям. 
606 1 |a Математическая физика  |2 stltpush  |3 (RuTPU)RU\TPU\subj\41221  |9 61028 
610 1 |a задачи 
610 1 |a упражнения 
610 1 |a ответы 
610 1 |a задача Коши 
610 1 |a задача Гурса 
610 1 |a волновое уравнение 
610 1 |a уравнения параболического типа 
610 1 |a формула Даламбера 
610 1 |a теплопроводность 
610 1 |a задача Штурма-Лиувилля 
610 1 |a метод Фурье 
610 1 |a ряды Фурье 
610 1 |a учебные пособия 
675 |a 53:51(076.5)  |v 3 
700 1 |a Соболева  |b Е. С.  |g Евгения Сергеевна 
701 1 |a Фатеева  |b Г. М.  |g Галина Михайловна 
801 1 |a RU  |b 63413507  |c 20120323 
801 2 |a RU  |b 63413507  |c 20150702  |g RCR 
900 |a Уравнения математической физики 
942 |c BK 
951 |a 510000 
959 |a 44/20120321  |d 2  |e 363,00  |f ЧЗТЛ:1  |f АНЛ:1